| 000 | 00621nam a2200229Ia 4500 | ||
|---|---|---|---|
| 003 | OSt | ||
| 005 | 20221007071129.0 | ||
| 006 | a|||||r|||| 00| 0 | ||
| 007 | ta | ||
| 008 | 221006b |||||||| |||| 00| 0 eng d | ||
| 024 | _a18,662 | ||
| 037 | _cTextual | ||
| 040 |
_aFLL _cFLL _beng |
||
| 041 |
_2eng _aeng |
||
| 082 | _aZ1:2674, L2 | ||
| 100 |
_aBogsch Arpad _9688190 |
||
| 245 | 0 | _aLaw of copyright under the universal convention | |
| 260 |
_aLeyden _bA.W. Sijthoff Leyden _c1972 |
||
| 300 |
_axxxvi,696p _ccm. |
||
| 942 |
_hZ1:2674, L2 _cTEXL _2CC |
||
| 999 |
_c1142522 _d1142522 |
||